000 00709nam a2200229 a 4500
999 _c3770
_d3770
001 3770
003 BD-JhCC
005 20171123165617.0
008 171118s1977 bg ||||| |||| 00| 0 ben d
020 _a9844650666
035 _a(BD-JhCC)3770
040 _aBD-JhCC
_dBD-JhCC
041 _aben
082 _a821.1
_bSID 1977
100 _aসিদ্দিকী, জিল্লুর রহমান
245 _aশেকস পীয়রের সনেট /
_bজিল্লুর রহমান সিদ্দিকী
260 _aঢাকা :
_bসাহিত্য প্রকাশ,
_c1977.
300 _a153 p. :
_c21 cm.
650 _aSonnets
942 _2ddc
_cBK